Normal view
MARC view
Entry Personal Name
001 - CONTROL NUMBER
- control field: 86103
003 - CONTROL NUMBER IDENTIFIER
- control field: dpl
005 - DATE AND TIME OF LATEST TRANSACTION
- control field: 20251216105230.0
008 - FIXED-LENGTH DATA ELEMENTS
- fixed length control field: 251216|| aca||aabn | a|a d
040 ## - CATALOGING SOURCE
- Original cataloging agency: dpl
- Transcribing agency: dpl
100 ## - HEADING--PERSONAL NAME
- Personal name: Sinha, Phanundra Kumar
670 ## - SOURCE DATA FOUND
- Source citation: Work cat.: (dpl)213935: Pandey, Indu Shekhar 86102, An Economic Study of Public Undertakings Government/, 2013
